00425pab a2200133 454500008004000000100002300040245010700063260000900170300001500179362001200194650001700206700001700223773005100240180718b2011 xxu||||| |||| 00| 0 eng d aRavichandran, S.L. aEmpowering the solar energy with latest techniques and design of microcontroller based boost converter c2011 ap.127-129. aJan-Jun aSolar energy aSengodan, V. aSouth Asian Journal of Socio-Political Studies